Quiz o Polsce - Statystyki

Ogólne statystyki
  • Ten quiz został rozwiązany 53 razy
  • Średni wynik to 8 z 10
Statystyki odpowiedzi
Wskazówka Odpowiedź % Poprawnych
Liczba miast powyżej 1 miliona 1
100%
Liczba województw 16
100%
Prezydent Andrzej Duda
100%
Język Polski
100%
Stolica Warszawa
100%
Nazwa po angielsku Poland
96%
Nazwa osób Polacy
85%
Najmniejsze województwo Świętokrzyskie
58%
Najgorszy klub w ekstraklasie(pełna nazwa) ŁKS Łódź
44%
Najlepszy klub w ekstraklasie(pełna nazwa) Jagiellonia Białystok
42%
Nie znaleziono quizów pasujących do podanych kryteriów
Rozkład punktacji
Procent ludzi z każdym wynikiem
Percentyl według liczby udzielonych odpowiedzi
Twoja historia wyników
Nie rozwiązałeś tego quizu